LEADER 01090nam0-2200385---450- 001 990009392410403321 005 20110706152014.0 035 $a000939241 035 $aFED01000939241 035 $a(Aleph)000939241FED01 035 $a000939241 100 $a20110706d1924----km-y0itay50------ba 101 0 $agrc$aeng 102 $aGB 105 $ay-------001yy 200 1 $aPlato 's Euthyphro , Apology of Socrates and Crito$fedited with notes by John Burnet 210 $aOxford$cat the Clarendon press$d1924 215 $a1 v.$d19 cm 500 10$aEuthyphro$915031 500 10$aApologia Socratis$915032 500 10$aCrito$913119 610 0 $aPlato 676 $a184 676 $a880.01 700 1$aPlato$f<427-347 a. C.>$0292329 702 1$aBurnet,$bJohn$f<1863-1928> 801 0$aIT$bUNINA$gRICA$2UNIMARC 901 $aBK 912 $a990009392410403321 952 $aP2B-600-OXFORD-PLATO-408A-1964$bIst.Fil.cl. 1592$fFLFBC 959 $aFLFBC 996 $aEuthyphro$915031 996 $aKrit?n$913119 996 $aApologia Socratis$915032 997 $aUNINA LEADER 05117nam 2200469 450 001 9910479966103321 005 20200319171357.0 010 $a1-62623-217-2 035 $a(CKB)4100000007123229 035 $a(MiAaPQ)EBC5579886 035 $a(EXLCZ)994100000007123229 100 $a20181212d2019 uy 0 101 0 $aeng 135 $aurcnu|||||||| 181 $ctxt$2rdacontent 182 $cc$2rdamedia 183 $acr$2rdacarrier 200 00$aOperative Cranial Neurosurgical Anatomy$b[electronic resource] /$fFilippo Gagliardi [and three others] 210 1$aNew York :$cThieme Medical Publishers,$dİ2019. 215 $a1 online resource (xviii, 342 pages) $ccolor illustrations 225 1 $aThieme clinical collection 311 $a1-62623-216-4 320 $aIncludes bibliographical references and index. 327 $aPart I Presurgical Training: Training Models in Neurosurgery -- Assessment of Surgical Exposure -- Part II Planning, Patient Positioning, and Basic Techniques: Anatomical Landmarks and Cranial Anthropometry -- Presurgical Planning By Images -- Patient Positioning -- Fundamentals of Cranial Neurosurgery -- Skin Incisions, Head and Neck Soft-Tissue Dissection -- Techniques of Temporal Muscle Dissection -- Intraoperative Imaging -- Part III Cranial Approaches: Precaruncular Approach to the Medial Orbit and Central Skull Base -- Supraorbital Approach -- Trans-Ciliar Approach -- Lateral Orbitotomy -- Frontal and Bifrontal Approach -- Frontotemporal and Pterional Approach -- Mini-Pterional Approach -- Combined Orbito-Zygomatic Approaches -- Midline Interhemispheric Approach -- Temporal Approach and Variants -- Intradural Subtemporal Approach -- Extradural Subtemporal Transzygomatic Approach -- Occipital Approach -- Supracerebellar Infratentorial Approach -- Endoscopic Approach to Pineal Region -- Midline Suboccipital Approach -- Retrosigmoid Approach -- Endoscopic Retrosigmoid Approach -- Far Lateral Approach and Principles of Vertebral Artery Mobilization -- Trans-Frontal-Sinus Subcranial Approach -- Transbasal and Extended Subfrontal Bilateral Approach -- Trauma Flap and Osteo-Dural Decompression Techniques -- Surgical Anatomy of the Petrous Bone -- Part IV Transpetrosal Approaches: Anterior Petrosectomy -- Presigmoid Retrolabyrinthine Approach -- Translabyrinthine and Transcochlear Transpetrosal Approach -- Translabyrinthine and Transcochlear Transpetrosal Approach: Nasal Surgical Anatomy -- Microscopic Endonasal and Sublabial Approach -- Endoscopic Endonasal Transphenoidal Approach -- Expanded Endoscopic Endonasal Approach -- Endoscopic Endonasal Modified Lothrop Approach to Anterior Cranial Fossa -- Endoscopic Endonasal Odontoidectomy -- Endoscopic Transoral Approach -- Transmaxillary Approaches -- Transmaxillary Transpterygoid Approach -- Endoscopic Endonasal Transclival Approach with Transcondylar Extension -- Endoscopic Endonasal Transmaxillary Approach to the Vidian Canal and Meckel's Cave -- Part VI Vascular Procedures: Superficial Temporal Artery ? Middle Cerebral Artery Bypass -- High Flow Bypass (Common Carotid Artery ? Middle Cerebral Artery) -- Middle Cerebral Artery ? Internal Maxillary Artery Bypass -- Part VII Ventricular Shunts Procedures: Anthropometry for Ventricular Puncture -- Ventricular-Peritoneal Shunt -- Endoscopic Septostomy --Endoscopic Septostomy -- Endoscopic Third Ventriculostomy and Biopsy of Pineal Region 330 $aEssential procedural aspects are discussed in 53 chapters, starting with sections on pre-surgical training and planning, patient positioning, and basic techniques. Subsequent sections detail cranial approaches; transpetrosal approaches; endonasal, transoral, and transmaxillary procedures; vascular procedures; and ventricular shunts procedures. Surgical technique fundamentals and basic variants, including surgical anatomy and landmarks, are highlighted in 500 figures and illustrations.Key features: Summaries, graphics, and schematic drawings provide immediate access to salient information to utilize during surgical dissections and for surgical preparation; A wide spectrum of cranial procedures covered in 23 chapters ? from the precaruncular approach to the medial orbit and central skull base ? to surgical anatomy of the petrous bone; Diverse endonasal procedures including sublabial, transphenoidal, modified lothrop, odontoidectomy, and endoscopic endonasal transmaxillary; Vascular procedures such as middle cerebral artery bypass and internal maxillary artery bypass. -- Publisher 410 0$aThieme clinical collection. 606 $aNeurosurgical Procedures 606 $aSkull$xsurgery 606 $aSkull$xanatomy & histology 608 $aElectronic books. 615 2$aNeurosurgical Procedures. 615 2$aSkull$xsurgery. 615 2$aSkull$xanatomy & histology. 676 $a617.5/14 702 $aGagliardi$b Filippo 801 0$bMiAaPQ 801 1$bMiAaPQ 801 2$bMiAaPQ 906 $aBOOK 912 $a9910479966103321 996 $aOperative Cranial Neurosurgical Anatomy$92271328 997 $aUNINA